| 000 | 00910nam a2200217 a 4500 | ||
|---|---|---|---|
| 001 | 57000 | ||
| 003 | BD-RjUL | ||
| 005 | 20211209080446.0 | ||
| 008 | 161205s1999 bg ||||| |||| 00| 0 ben d | ||
| 035 | _a(BD-RjUL)57124 | ||
| 040 |
_aBD-RjUL _bben _cBD-RjUL _dBD-RjUL |
||
| 041 | _aben | ||
| 082 |
_223 _a338.91095492 _bHON 1999 |
||
| 100 |
_aহক, মুহাম্মদ এনামুল _9169387 |
||
| 245 | 1 | 0 |
_aএনজিওদের ষড়যন্ত্রের কবলে বাংলাদেশ / _cমুহাম্মদ এনামুল হক |
| 260 |
_aঢাকা : _bনাছিমা পাবলিকেশন্স, _c১৯৯৯ |
||
| 300 |
_a৪৯৬ পৃ. ; _c২৫ সেমি. |
||
| 650 |
_aবেসরকারি সংস্থা _z বাংলাদেশ. _9169115 |
||
| 650 |
_aNon-governmental organizations _zBangladesh. _9167915 |
||
| 942 |
_2ddc _cBK |
||
| 999 |
_c57000 _d57000 |
||